| 000 | 01025nam a2200265Ia 4500 | ||
|---|---|---|---|
| 003 | OSt | ||
| 005 | 20220923211201.0 | ||
| 006 | a|||||r|||| 00| 0 | ||
| 007 | ta | ||
| 008 | 220922b |||||||| |||| 00| 0 hin d | ||
| 020 |
_a8188554847 (hbk) _c600 |
||
| 024 | _a263,038 | ||
| 037 |
_b99, 27/07/2012, Eastern Book Linkers _cTextual |
||
| 040 |
_aARTS _cARTS _bhin |
||
| 041 |
_2hin _ahin |
||
| 082 | _aO152,3N42:g(Y15), Q1 | ||
| 100 |
_aतिवारी, कामिनी _9159258 |
||
| 245 | 0 | _aप्रभा खेतान के साहित्य में नारी विमर्श | |
| 246 | _aPrabhā khetān ke sāhitya mean nārī vimarsha | ||
| 260 |
_aकानपूर _b विद्या प्रकाशन _c2011 |
||
| 300 |
_a303पृ. _ccm. |
||
| 650 |
_aहिन्दी साहित्य _9156264 |
||
| 942 |
_hO152,3N42:g(Y15), Q1 _cTEXL _2CC |
||
| 999 |
_c296466 _d296466 |
||